000 00662nam a2200181Ia 4500
008 100920s9999 xx 000 0 und d
082 _b72947
_a320 थ 78
100 _aपंडित नलिनी.
245 _aजातिवाद आणि वर्गवाद.
260 _bलोकवाङ्रमय गृह प्रा. लि., मुंबई.
_c1978
300 _a209
_bसाधी
365 _b100
520 _aराजकारण.
630 _aजातिवाद आणि वर्गवाद.
650 _aराजकारण.
730 _aजातिवाद आणि वर्गवाद.
942 _cBOOK
999 _c714673
_d714670